000 00823cab a2200277 4500
001 ABS53487
008 090401t1995 xxu||||| |||| 00| 0 eng d
035 _a(Sirsi) u4636
041 _aeng
100 _aRydell, D.
245 _aProperty fat cats will have to change
260 _c1995
350 _a0
490 _aEstates Times
_v(1289) 28 July 1995, 8(1)
520 _aIn the light of the Greenbury report on executive pay, this article investigates remuneration at the top in property companies.
650 _aEXECUTIVE PAY
650 _aEXECUTIVES
650 _aGREENBURY REPORT
650 _aPROPERTY COMPANIES
650 _aSALARIES
690 _aECONOMIC AND SOCIAL
690 _aMANAGEMENT-BUSINESS MANAGEMENT-PROFESSIONAL PRACTICE
700 _aOwen, C.
942 _n0
948 _c04/03/1997
999 _c2809
_d2809